000 00453nam a22001457a 4500
008 190505b xxu||||| |||| 00| 0 eng d
082 _aCD14029
100 _aShrestha, Binju
245 _aA comparative study of speaking proficiency of public and private schools students.
260 _aKathmandu:
_c2018.
502 _aDissertation
_bDegree in English (Education)
_cTU
650 _aEnglish language
650 _aEnglish speaking
942 _2ddc
_cVM
999 _c85009
_d84998